000 00328nam a2200145Ia 4500
100 _aCane/ Sheila
942 _cRB
654 _aProduction
245 _aKaizen Strategies for Winning through People
260 _bPitman Publishing
_c1996
082 _a658.00952
_bCAN
300 _a242
546 _aENGLISH
999 _c17812
_d17812